Innovative agricultural technologies in SAARC countries (Record no. 43882)

MARC details
000 -LEADER
fixed length control field 00340nam a2200109Ia 4500
082 ## - DEWEY DECIMAL CLASSIFICATION NUMBER
Classification number 631.17(5-13)
Item number ABD
245 #0 - TITLE STATEMENT
Title Innovative agricultural technologies in SAARC countries
260 ## - PUBLICATION, DISTRIBUTION, ETC. (IMPRINT)
Place of publication Bangladesh
Name of publisher SAARC Agricultural Information Centre
Year of publication 1998
700 ## - ADDED ENTRY--PERSONAL NAME
Personal name Abdullah, Mohammad
942 ## - ADDED ENTRY ELEMENTS (KOHA)
Koha item type Books
Holdings
Withdrawn status Lost status Damaged status Not for loan Home library Current library Date acquired Source of acquisition Cost, normal purchase price Full call number Accession Number Koha item type
        RRII Library RRII Library 16/12/2021 Gift 3.00 631.17(5-13) ABD G00631 Books